| Tag |
First Indicator |
Second Indicator |
Subfields |
| LEADER |
00000nam a2200000 i 4500 |
| 001 |
in00005606913 |
| 003 |
OCoLC |
| 005 |
20230306142122.7 |
| 006 |
m o d |
| 007 |
cr ||||||||||| |
| 008 |
221102t20232022enka o 001 0 eng d |
| 024 |
8 |
|
|a 90100662855
|
| 040 |
|
|
|a UKMGB
|b eng
|e rda
|e pn
|c UKMGB
|d N$T
|d EBLCP
|
| 019 |
|
|
|a 1369646920
|
| 020 |
|
|
|a 9781529420357
|q (ePub ebook)
|
| 020 |
|
|
|a 1529420350
|
| 020 |
|
|
|z 9781529420340 (pbk.)
|
| 035 |
|
|
|a (OCoLC)1370616381
|z (OCoLC)1369646920
|
| 037 |
|
|
|a 9781529420357
|b Hachette UK
|
| 050 |
|
4 |
|a NA2840
|b .H675 2022
|
| 082 |
0 |
4 |
|a 721
|2 23/eng/20230303
|
| 100 |
1 |
|
|a Hopkins, Owen,
|d 1984-
|e author.
|1 https://isni.org/isni/0000000369575171
|
| 245 |
1 |
0 |
|a Reading architecture :
|b a visual lexicon /
|c Owen Hopkins.
|
| 250 |
|
|
|a Second edition.
|
| 264 |
|
1 |
|a London :
|b Laurence King Publishing,
|c 2023.
|
| 264 |
|
4 |
|c ©2022
|
| 300 |
|
|
|a 1 online resource () :
|b illustrations (black and white, and colour).
|
| 336 |
|
|
|a text
|2 rdacontent
|b txt
|
| 336 |
|
|
|a still image
|2 rdacontent
|
| 337 |
|
|
|a computer
|2 rdamedia
|b c
|
| 338 |
|
|
|a online resource
|2 rdacarrier
|b cr
|
| 588 |
|
|
|a Online resource; title from PDF title page (EBSCO, viewed March 3, 2023).
|
| 500 |
|
|
|a Originally published: 2012.
|
| 500 |
|
|
|a Includes index.
|
| 650 |
|
0 |
|a Architecture
|x Details.
|
| 655 |
|
7 |
|a Electronic books.
|2 local
|
| 710 |
2 |
|
|a EBSCOhost
|
| 776 |
1 |
8 |
|i Print version :
|z 9781529420340
|
| 856 |
4 |
0 |
|u http://proxy.library.tamu.edu/login?url=https://search.ebscohost.com/login.aspx?direct=true&scope=site&db=nlebk&db=nlabk&AN=3559384
|z Connect to the full text of this electronic book
|t 0
|
| 945 |
|
|
|b 254957
|
| 955 |
|
|
|a YBP purchased EBSCO DDA e-records
|
| 980 |
|
|
|b ebook
|c 90100662855
|f NONFIC/S
|g 565702
|k USD
|m 40.12
|q 1
|s AcqMono Conventional
|t Demand driven acquisitions (DDA)
|u Vendor order reference number
|v ZYBP
|y PDA
|z Electronic resource
|
| 999 |
f |
f |
|i 81445705-09cc-4d60-a3f5-e257b13aa5fb
|s 0055726f-4c7d-4898-8ba3-a51916c642bd
|t 0
|
| 952 |
f |
f |
|a Texas A&M University
|b College Station
|c Electronic Resources
|s www_evans
|d Available Online
|t 0
|e NA2840 .H675 2022
|h Library of Congress classification
|